| 000 | 01284cab a2200193 4500 | ||
|---|---|---|---|
| 001 | ##L131246 | ||
| 008 | 051010n2005 000 0 eng u | ||
| 035 | _a(Sirsi) u131246 | ||
| 041 | 0 | _aeng | |
| 100 | 1 | _aGarthwaite, Helen | |
| 245 | 0 | 0 | _aSpoilt for choice |
| 260 | _c2005 | ||
| 490 | 0 |
_aBuilding _v270(38) 23 September 2005, 78(1) |
|
| 520 | _aThe JCT's design and build form includes third-party rights schedules which are intended to replace collateral warranties. This article points out some potential problems for any developer intending to use the new schedules, in particular ensuring that sub-contractors and members of the project team are also prepared to use them, and that all relevant third parties are included. It also advises on some potential difficulties for those using collateral warranties, such as the obligation to give written notice of them to the contractor. It also points out that, at present, lenders, purchasers and tenants regard such warranties with favour, on the basis that they are tangible documents which can be assigned in the future. | ||
| 590 | _aIKA111005 | ||
| 650 | 2 | 4 | _aJCT STANDARD FORM OF BUILDING CONTRACT 2005 EDITION |
| 690 | _aBUILT ENVIRONMENT-BUILDING CONTRACT FORMS-CONSTRUCTION COLLATERAL WARRANTY FORMS | ||
| 942 | _n0 | ||
| 999 |
_c76000 _d76000 |
||